UM Logo

CHO targets over 95% polio vaccination coverage / (Record no. 18057)

MARC details
000 -LEADER
fixed length control field 00454nam a22001577a 4500
003 - CONTROL NUMBER IDENTIFIER
control field OSt
005 - DATE AND TIME OF LATEST TRANSACTION
control field 20230331152223.0
008 - FIXED-LENGTH DATA ELEMENTS--GENERAL INFORMATION
fixed length control field 230331b ||||| |||| 00| 0 eng d
040 ## - CATALOGING SOURCE
Transcribing agency 0
100 ## - MAIN ENTRY--PERSONAL NAME
Personal name Llemit, Lawrence Ralph G.
9 (RLIN) 48337
245 ## - TITLE STATEMENT
Title CHO targets over 95% polio vaccination coverage /
Statement of responsibility, etc. Ralph Lawrence G. Llemit
260 ## - PUBLICATION, DISTRIBUTION, ETC. (IMPRINT)
Place of publication, distribution, etc. Philippines :
Name of publisher, distributor, etc. SunStar,
Date of publication, distribution, etc. November 15, 2019.
300 ## - PHYSICAL DESCRIPTION
Extent 1 page.
650 ## - SUBJECT ADDED ENTRY--TOPICAL TERM
Topical term or geographic name as entry element Vaccines.
9 (RLIN) 48338
942 ## - ADDED ENTRY ELEMENTS (KOHA)
Source of classification or shelving scheme Dewey Decimal Classification
Koha item type Periodicals
Holdings
Withdrawn status Lost status Source of classification or shelving scheme Damaged status Not for loan Collection code Home library Current library Date acquired Total Checkouts Date last seen Price effective from Koha item type Public note
    Dewey Decimal Classification     Periodicals UM Digos College - LIC UM Digos College - LIC 03/31/2023   03/31/2023 03/31/2023 Periodicals Newspaper clippings